Word Search Logic Puzzle V Quiz Stats

 Plays Quiz Updated Jun 7, 2017

Challenge
Share
Tweet
Score 0/25 Timer 20:00
6 Plays Today
Cell Letter % Correct





25
???
100%





19
???
68%





20
???
52.3%





5
???
51.3%





15
???
49.7%





10
???
49.3%





14
???
45.7%





4
???
34.6%





9
???
34.1%





17
???
28.5%





3
???
28.4%





2
???
27.6%





16
???
22.5%
Cell Letter % Correct





6
???
21.6%





18
???
19.9%





22
???
16.6%





21
???
14.2%





13
???
13%





23
???
12.4%





24
???
11.9%





1
???
11.7%





8
???
7.7%





7
???
7.4%





11
???
6.7%





12
???
6%

You're not logged in!

Compare scores with friends on all Sporcle quizzes.
Join for Free
OR
Log In

You Might Also Like...

Show Comments

Extras

Top Quizzes Today


Score Distribution

Your Account Isn't Verified!

In order to create a playlist on Sporcle, you need to verify the email address you used during registration. Go to your Sporcle Settings to finish the process.

Report this User

Report this user for behavior that violates our Community Guidelines.

Details: